Top Darts Player Per Country - Statistics

General Stats
  • This quiz has been taken 436 times
  • The average score is 10 of 19
Answer Stats
Country Rank Answer % Correct
Netherlands 1 Michael Van Gerwen
99%
Scotland 2 Gary Anderson
97%
Wales 20 Gerwyn Price
86%
Australia 16 Simon Whitlock
82%
Austria 8 Mensur Suljovic
76%
Northern Ireland 21 Daryl Gurney
74%
Belgium 14 Kim Huybrechts
72%
England 4 Adrian Lewis
69%
Germany 38 Max Hopp
60%
South Africa 50 Devon Petersen
49%
Latvia 121 Madars Razma
48%
Canada 121 John Part
46%
Greece 68 John Michael
41%
Spain 35 Cristo Reyes
37%
Brazil 106 Diogo Portela
30%
Hong Kong 114 Kai Fun Leung
14%
India 121 Prakash Jiwa
11%
Finland 71 Kim Viljanen
10%
Ireland 61 Mick McGowan
9%
No matching quizzes found
Score Distribution
Percent of People with Each Score
Percentile by Number Answered
Your Score History
You have not taken this quiz